000
00339nam a2200133Ia 4500
008
151001s9999||||xx |||||||||||||| ||und||
100
_a
दिनेश चमोला
245
_a
नानी कि कहानिया
250
_a
1
260
_b
ऊर्जा
260
_c
2008
300
_a
104
365
_b
28
999
_c
991610
_d
991607